000 01067nam a22002057a 4500
003 OSt
005 20250904113912.0
008 250723s2023 ag ||||| |||| 00| 0 spa d
020 _a9789509553903
040 _cbesoc
080 _0338.2(82)(091)
100 _aOrellano. Luciano
_eautor
245 1 0 _aCrónicas soberanas :
_bde la patria herida /
_cLuciano Orellano.
250 _a1a ed.
260 _aBuenos Aires:
_bAgora,
_c2023.
300 _a550 p. ;
_c23 cm.
505 0 0 _tVaca Muerta y la industria petrolera : soberanía de un recurso estratégico /
_rJuan Manuel Ramos y Mario Cambio --
_tDisputa histórica por la Cuenca del Plata y rearticulación de un rpoyecto de soberanía regional /
_rJulieta Peppino --
_tLos nombres detrás del humo : las caras del ecocidio /
_rPablo Payró --
_tPor las Escuelas Navales de Aprendices en la recuperación de nuestra soberanía nacional /
_rOscar Verón --
_tVicentín, una ventana a la soberanía perdida /
_rGermán Mangione.
650 3 _aPolítica económica
_xHistoria
_ySiglo XIX
_ySiglo XX
_zArgentina
942 _2udc
_cOG
_n0
999 _c536
_d536